LEADER 04700nam 22006615 450 001 9910781465603321 005 20230725053736.0 010 $a1-84769-447-0 024 7 $a10.21832/9781847694478 035 $a(CKB)2550000000063804 035 $a(EBL)837811 035 $a(SSID)ssj0000694066 035 $a(PQKBManifestationID)11368635 035 $a(PQKBTitleCode)TC0000694066 035 $a(PQKBWorkID)10666239 035 $a(PQKB)10595074 035 $a(DE-B1597)513591 035 $a(OCoLC)769101903 035 $a(DE-B1597)9781847694478 035 $a(MiAaPQ)EBC837811 035 $a(EXLCZ)992550000000063804 100 $a20200707h20112011 fg 101 0 $aeng 135 $aur|n|---||||| 181 $ctxt 182 $cc 183 $acr 200 00$aUniformity and Diversity in Language Policy $eGlobal Perspectives /$fCatrin Norrby, John Hajek 210 1$aBlue Ridge Summit, PA : $cMultilingual Matters, $d[2011] 210 4$dİ2011 215 $a1 online resource (292 p.) 225 0 $aMultilingual Matters 300 $aDescription based upon print version of record. 311 $a1-84769-446-2 327 $tFrontmatter -- $tContents -- $tContributors -- $tAcknowledgements -- $tGeneral Introduction -- $tIntroduction to Part 1 -- $tChapter 1. Language Policy and Citizenship in Quebec: French as a Force for Unity in a Diverse Society? -- $tChapter 2. Do National Languages Need Support and Protection in Legislation? The Case of Swedish as the ?Principal Language? of Sweden -- $tChapter 3. Language Policy and Smaller National Languages: The Baltic States in the New Millennium -- $tChapter 4. Language Policy in Australia: What Goes Up Must Come Down? -- $tChapter 5. Regional Languages, the European Charter and Republican Values in France Today -- $tIntroduction to Part 2 -- $tChapter 6: Breton Language Maintenance and Regeneration in Regional Education Policy -- $tChapter 7. Language Policy in Spain: The Coexistence of Small and Big Languages -- $tChapter 8. Language Policy and Language Contact in New Mexico: The Case of Spanish -- $tChapter 9. Indigenous Languages, Bilingual Education and English in Australia -- $tChapter 10. Bringing Asia to the Home Front: The Australian Experience of Asian Language Education through National Policy -- $tIntroduction to Part 3 -- $tChapter 11. Testing Identity: Language Tests and Australian Citizenship -- $tChapter 12. Language as Political Emblem in the New Culture War in Northern Ireland -- $tChapter 13. Language Policy and Reality in South Tyrol -- $tChapter 14. Addressing Policy on the Web: Netiquettes and Emerging Policies of Language Use in German Internet Forums -- $tChapter 15. Language Policy in Practice: What Happens When Swedish IKEA and H&M Take ?You? On? -- $tChapter 16. Regulating Language in the Global Service Industry 330 $aThis book brings together current research by leading international scholars on the often contentious nature of language policies and their practical outcomes in North America, Australia and Europe. It presents a range of perspectives from which to engage with a variety of pressing issues raised by multilingualism, multiculturalism, immigration, exclusion, and identity. A recurrent theme is that of tension and conflict: between uniformity and diversity, between official policies and real day-to-day life experiences, but also between policies in schools and the corporate world and their implementation. Several chapters present research about language policy issues that has previously not been fully or easily available to an English-language audience. Many of the chapters also provide up-to-date analyses of language policy issues in particular regions or countries, focusing on recent developments. 410 0$aMultilingual Matters 606 $aLanguage and languages -- Variation 606 $aLanguage policy 606 $aLanguage policy$xVariation 606 $aLanguage and languages 606 $aLanguages & Literatures$2HILCC 606 $aPhilology & Linguistics$2HILCC 615 4$aLanguage and languages -- Variation. 615 4$aLanguage policy. 615 0$aLanguage policy$xVariation 615 0$aLanguage and languages 615 7$aLanguages & Literatures 615 7$aPhilology & Linguistics 676 $a306.449 702 $aHajek$b John, $4edt$4http://id.loc.gov/vocabulary/relators/edt 702 $aNorrby$b Catrin, $4edt$4http://id.loc.gov/vocabulary/relators/edt 801 0$bDE-B1597 801 1$bDE-B1597 906 $aBOOK 912 $a9910781465603321 996 $aUniformity and Diversity in Language Policy$93703054 997 $aUNINA LEADER 01118nam 2200253la 450 001 9910482425403321 005 20221102161158.0 035 $a(UK-CbPIL)2090300730 035 $a(CKB)5500000000090918 035 $a(EXLCZ)995500000000090918 100 $a20221102d1602 uy | 101 0 $adut 135 $aurcn||||a|bb| 200 10$aApparaet toerustinge ende pracht des paus Clemens de achtste van dien name, als hy inden iaere M.D.XCVIII na Ferrarien reysende, inder selver stadt zijn intreed' dede. By Angelus Rocca.-gTr. from the Italian 210 $aThe Hague $c[s.n.]$d1602 215 $aOnline resource (4°) 300 $aReproduction of original in Koninklijke Bibliotheek, Nationale bibliotheek van Nederland. 700 $aRocca$b Angelo$f1545-1620.$0744039 801 0$bUk-CbPIL 801 1$bUk-CbPIL 906 $aBOOK 912 $a9910482425403321 996 $aApparaet toerustinge ende pracht des paus Clemens de achtste van dien name, als hy inden iaere M.D.XCVIII na Ferrarien reysende, inder selver stadt zijn intreed' dede. By Angelus Rocca.-gTr. from the Italian$92015282 997 $aUNINA